Schaum's A-Z Chemistry

में बचाया:
ग्रंथसूची विवरण
मुख्य लेखक: Hunt, Andrew
स्वरूप: पुस्तक
भाषा:Undetermined
प्रकाशित: New York McGraw-Hill 2003
विषय:
टैग : टैग जोड़ें
कोई टैग नहीं, इस रिकॉर्ड को टैग करने वाले पहले व्यक्ति बनें!
Thư viện lưu trữ: Trung tâm Học liệu Trường Đại học Cần Thơ
LEADER 00550nam a2200205Ia 4500
001 CTU_88818
008 210402s9999 xx 000 0 und d
020 |c 220000 
082 |a 540.76 
082 |b H939 
100 |a Hunt, Andrew 
245 0 |a Schaum's A-Z Chemistry 
245 0 |c Andrew Hunt 
260 |a New York 
260 |b McGraw-Hill 
260 |c 2003 
650 |a Chemistry,Chemistry 
650 |x Handbooks, manuals, etc,Examinations,Study guides 
904 |i Truc,Hải 
980 |a Trung tâm Học liệu Trường Đại học Cần Thơ